<?xml version="1.0" encoding="UTF-8"?><marc:collection xmlns:marc="http://www.loc.gov/MARC21/slim">
  <marc:record>
    <marc:leader>00000nam  2200000za 4500</marc:leader>
    <marc:controlfield tag="001">9.623290</marc:controlfield>
    <marc:controlfield tag="003">CaOODSP</marc:controlfield>
    <marc:controlfield tag="005">20200401103142</marc:controlfield>
    <marc:controlfield tag="007">ta</marc:controlfield>
    <marc:controlfield tag="008">150406|1995||||xxc|||||     f|0| 0 fre d</marc:controlfield>
    <marc:datafield tag="020" ind1=" " ind2=" ">
      <marc:subfield code="a">0-660-94993-8</marc:subfield>
    </marc:datafield>
    <marc:datafield tag="022" ind1=" " ind2=" ">
      <marc:subfield code="a">0821-1035</marc:subfield>
    </marc:datafield>
    <marc:datafield tag="040" ind1=" " ind2=" ">
      <marc:subfield code="a">CaOODSP</marc:subfield>
      <marc:subfield code="b">fre</marc:subfield>
    </marc:datafield>
    <marc:datafield tag="043" ind1=" " ind2=" ">
      <marc:subfield code="a">n-cn---</marc:subfield>
    </marc:datafield>
    <marc:datafield tag="086" ind1="1" ind2=" ">
      <marc:subfield code="a">R61-2/9-64-1995F</marc:subfield>
      <marc:subfield code="z">R61-2/9-18-1995F</marc:subfield>
      <marc:subfield code="z">R61-2/1-18-1995F</marc:subfield>
    </marc:datafield>
    <marc:datafield tag="100" ind1="1" ind2=" ">
      <marc:subfield code="a">Baker, Raymond F.</marc:subfield>
    </marc:datafield>
    <marc:datafield tag="245" ind1="1" ind2="4">
      <marc:subfield code="a">Une campagne d'amateurs: le siège de Louisbourg, 1745 / </marc:subfield>
      <marc:subfield code="c">par Raymond F. Baker. </marc:subfield>
    </marc:datafield>
    <marc:datafield tag="260" ind1=" " ind2=" ">
      <marc:subfield code="a">Ottawa - Ontario : </marc:subfield>
      <marc:subfield code="b">Parcs Canada,  </marc:subfield>
      <marc:subfield code="c">1995.</marc:subfield>
    </marc:datafield>
    <marc:datafield tag="300" ind1=" " ind2=" ">
      <marc:subfield code="a">83p. : </marc:subfield>
      <marc:subfield code="b">ill. ; </marc:subfield>
      <marc:subfield code="c">19 cm.</marc:subfield>
    </marc:datafield>
    <marc:datafield tag="490" ind1="1" ind2=" ">
      <marc:subfield code="a">Études en archéologie, architecture et histoire</marc:subfield>
      <marc:subfield code="x">0821-1035</marc:subfield>
    </marc:datafield>
    <marc:datafield tag="504" ind1=" " ind2=" ">
      <marc:subfield code="a">Bibliographie.</marc:subfield>
    </marc:datafield>
    <marc:datafield tag="520" ind1="3" ind2=" ">
      <marc:subfield code="a">En 1745, la ville fortifiée française de Louisbourg fut conquise en 47 jours. Le mythe d'invincibilité qui commençait à entourer la «grande forteresse» fut ainsi brisé. Revivez l'histoire grâce à ce récit entièrement illustré de la forteresse la plus spectaculaire de l'Acadie. Rencontrez les personnes qui ont fait partie de la dernière ligne de défense du roi Louis XIV contre une attaque des troupes ennemies. Fruit de recherches intenses, ce livre raconte l'histoire du siège de Louisbourg à partir de journaux personnels et de lettres de soldats de tous grades et des deux camps. Vous serez dans le feu de l'action grâce aux cartes et aux croquis stratégiques datant de la période même du siège. A la fin du livre, vous trouverez : -une chronologie quotidienne des événements -le plan suivi par William Shirley pour attaquer Louisbourg -les conditions de reddition de Louisbourg Ce livre à couverture souple de 79 pages est idéal pour quiconque s'intéresse aux stratégies et aux tactiques de guerre ou à l'histoire du Canada.</marc:subfield>
    </marc:datafield>
    <marc:datafield tag="563" ind1=" " ind2=" ">
      <marc:subfield code="a">Couverture souple</marc:subfield>
    </marc:datafield>
    <marc:datafield tag="590" ind1=" " ind2=" ">
      <marc:subfield code="a">95-42</marc:subfield>
      <marc:subfield code="b">1995-10-20</marc:subfield>
    </marc:datafield>
    <marc:datafield tag="691" ind1="0" ind2="7">
      <marc:subfield code="a">Histoire du Canada</marc:subfield>
      <marc:subfield code="2">gcpds</marc:subfield>
    </marc:datafield>
    <marc:datafield tag="710" ind1="1" ind2=" ">
      <marc:subfield code="a">Canada.</marc:subfield>
      <marc:subfield code="b">Patrimoine canadien. </marc:subfield>
      <marc:subfield code="b">Parcs Canada.</marc:subfield>
    </marc:datafield>
    <marc:datafield tag="720" ind1="1" ind2=" ">
      <marc:subfield code="a">Baker, Raymond F.</marc:subfield>
    </marc:datafield>
    <marc:datafield tag="775" ind1="0" ind2="8">
      <marc:subfield code="t">A campaign of amateurs: the siege of Louisbourg, 1745 / </marc:subfield>
      <marc:subfield code="w">(CaOODSP)9.612215</marc:subfield>
    </marc:datafield>
    <marc:datafield tag="776" ind1="0" ind2="#">
      <marc:subfield code="t">Une campagne d'amateurs </marc:subfield>
      <marc:subfield code="w">(CaOODSP)9.845040</marc:subfield>
    </marc:datafield>
    <marc:datafield tag="830" ind1="#" ind2="0">
      <marc:subfield code="a">Études en archéologie, architecture et histoire,</marc:subfield>
      <marc:subfield code="x">0821-1035</marc:subfield>
      <marc:subfield code="v">18</marc:subfield>
      <marc:subfield code="w">(CaOODSP)9.513216</marc:subfield>
    </marc:datafield>
  </marc:record>
</marc:collection>
